PHP-The Complete Reference/by (Record no. 27002)

MARC details
000 -LEADER
fixed length control field 00871nam a22002177a 4500
008 - FIXED-LENGTH DATA ELEMENTS--GENERAL INFORMATION
fixed length control field 090530t xxu||||| |||| 00| 0 eng d
010 ## - LCCN (DPL NO)
LC control number B-328874
020 ## - INTERNATIONAL STANDARD BOOK NUMBER
International Standard Book Number 9780070223622
Terms of availability 495-00
035 ## - SYSTEM CONTROL NUMBER
System control number B-328874
037 ## - SOURCE OF ACQUISITION
Stock number UBH
Source of stock number/acquisition RP/CL/E;15/20.05.09/25.05.09/28.05.09/29.05.09
040 ## - CATALOGING SOURCE
Original cataloging agency dpl
Language of cataloging Eng
082 ## - DEWEY DECIMAL CLASSIFICATION NUMBER
Classification number 005.2
100 ## - MAIN ENTRY--PERSONAL NAME
Personal name HolZner,Steven
245 ## - TITLE STATEMENT
Title PHP-The Complete Reference/by
Statement of responsibility, etc Steven Holzner
260 ## - PUBLICATION, DISTRIBUTION, ETC. (IMPRINT)
Place of publication, distribution, etc New Delhi
Name of publisher, distributor, etc Tata Mc Graw-Hill Publishing Company
Date of publication, distribution, etc 2008
270 ## - ADDRESS
Address 7 West Patel Nagar
City New Delhi
Postal code 110008
300 ## - PHYSICAL DESCRIPTION
Extent xvii,575pg
Dimensions 23cm
942 ## - ADDED ENTRY ELEMENTS (KOHA)
Source of classification or shelving scheme Dewey Decimal Classification
Item type English Books
Edition 2008
Classification part 005.2
Call number suffix HOL
Holdings
Withdrawn status Lost status Source of classification or shelving scheme Damaged status Not for loan Home library Current library Date acquired Source of acquisition Cost, normal purchase price Total Checkouts Full call number Barcode Date last seen Copy number Cost, replacement price Koha item type Public note
    Dewey Decimal Classification     Central Library Central Library 28/05/2009 RP/CL 495.00   005.2 HOL B-328874 30/05/2009 1 495.00 English Books Legal Case (Register 2018)

© Delhi Public Library
Hit Counter
free hit counter